000 01352naa a22003017a 4500
001 BR8805706
003 BR-BrBNA
005 20240918180313.0
007 ta
008 230509b bl.||||| |||| 00| 0 por d
040 _aBR-BrBNA
_bpor
_cBiblioteca Nacional de Agricultura
041 _a(Pt)
072 _aQ51; Q52; E21
_b8954
090 _aQ51 BR8805706
100 1 _aGross, K.
111 1 _a2. Simposio do Colegio Brasileiro de Nutricao Animal; 1. Seminario sobre Tecnologia da Producao de Racoes
_cCampinas, SP (Brazil)
_d13-15 Apr 1988
245 1 _aTecnologia integrada para a industria de racoes
246 1 _a[Integrated technology for rations industry]
246 1 _a[2nd. Reunion of the Brazilian School for Animal Nutrition; 1st. Reunion on Rations Technology Production. Annals]
260 3 _aCampinas, SP (Brasil):
_c1988.
500 _a2. Simposio do Colegio Brasileiro de Nutricao Animal; 1. Seminario sobre Tecnologia da Producao de Racoes. Anais Campinas, SP (Brasil): 1988. p. 87-95 (BR8805706-AM)Q51
650 _aRACAO
650 _aTECNOLOGIA
650 _aINDUSTRIA
773 0 _t2. Simposio do Colegio Brasileiro de Nutricao Animal; 1. Seminario sobre Tecnologia da Producao de Racoes. Anais
_wQ51 BR8805706
_gCampinas, SP (Brasil), 1988. p. 87-95
909 _a202404
_bLucia
_c55
_dLucia Elande
942 _cAM
_2AGRIS
999 _c319689
_d319689